000
00399 a2200193 4500
260
_a
Paris.
100
_a
MITCHELL, D.S.
260
_b
UNESCO
245
_a
Aquatic vegetation and its use and control.
300
_a
135p.
260
_c
1974
300
_b
Ill.
130
_l
Fr.
710
_a
UNESCO.
690
_a
vegetation.
020
_a
92-3-101082-4
999
_c
26259
_d
26259